| 000 | 00738nam a2200229Ia 4500 | ||
|---|---|---|---|
| 001 | 17683 | ||
| 003 | GE_BSU | ||
| 008 | 181216s||||||||xx |||||||||||||| ||und|| | ||
| 040 | _cGE_BSU | ||
| 080 | _a547(075.8) | ||
| 100 | _aСтепаненко,Б.Н. | ||
| 245 | _aКурс органической химии. Часть I. Алифатические соединения. | ||
| 245 | _bУчевник для вузов. | ||
| 245 | _cРед. М.М.Поплавская. | ||
| 250 | _aИзд.5-е, перераб. и допол. | ||
| 260 | _aМ. | ||
| 260 | _bВысшая школа. | ||
| 260 | _c1976. | ||
| 300 | _a448 стр. с илл. 22 см. | ||
| 653 | _aКурс органической химии. | ||
| 942 | _cBK | ||
| 999 |
_c50731 _d50731 |
||